LEADER 01163nam a2200229 i 4500 001 000000018492 003 CaOOAMICUS 005 20180830125444.0 008 180830s1838 it e u000 u ita u 040 $aSeMil$bita 100 1 $aForamiti, Francesco.$0(OLS)http://semarc/name/8322 245 10$aEnciclopedia legale, ovvero Lessico ragionato di gius naturale, civile, canonico, mercantile-cambiario-marittimo, feudale, penale, pubblico-interno, e delle genti /$ccompilatore Francesco dott. Foramiti. 260 $aVenezia :$bCo' Tipi del gondoliere,$c1838-1840. 300 $a5 v. ;$c29 cm. 500 $aNon posseduto il vol. 5. 650 4$aDiritto - Enciclopedie e dizionari - Ed. ante 1945.$0(OLS)http://semarc/subject/2937 774 0 $tVol. 1.$g1$w()116617 774 0 $tVol. 3.$g3$w()250188 774 0 $tVol. 2.$g2$w()250189 774 0 $tVol. 4.$g4$w()250190 996 $6245$aEnciclopedia legale, ovvero Lessico ragionato di gius naturale, civile, canonico, mercantile-cambiario-marittimo, feudale, penale, pubblico-interno, e delle genti$9(OLS)http://semarc/title/24351 996 $6260$aVenezia :$bCo' Tipi del gondoliere$9(OLS)http://semarc/publisher/34876 LEADER 01002nam a2200241 i 4500 001 000000115212 003 CaOOAMICUS 005 20030515000000.0 008 030515s1983 it u000 u mul u 013 $a87900 040 $aSeMil$bita 100 1 $aCherubini, Francesco,$d<1789-1851>.$0(OLS)http://semarc/name/3683 245 10$aVocabolario milanese italiano /$cdi Francesco Cherubini. 250 $aRistampa anastatica. 260 $aMilano :$bRusconi Immagini,$cstampa 1983. 300 $a2286 p., [32] p. di tav. ;$c25 cm. 500 $aFac simile dell'ed. : Milano : dall'imp. Regia Stamperia, 1839. 650 4$aDialetti italiani - Lombardia - Milano - Dizionari.$0(OLS)http://semarc/subject/8823 850 $aSeMil 852 $aSeMil$W1$xVenegono$y1$B70743$CSeMilBibl$Z2$F83659 $8I 961 $aLascito: Bidoglio don Maurizio 996 $6245$aVocabolario milanese italiano$9(OLS)http://semarc/title/266749 996 $6260$aMilano :$bRusconi Immagini$9(OLS)http://semarc/publisher/33174